فكر مع الإستاذ مفكر / (Record no. 103520)

MARC details
000 -LEADER
fixed length control field 00613nam a22002177a 4500
005 - DATE AND TIME OF LATEST TRANSACTION
control field 20251108173424.0
008 - FIXED-LENGTH DATA ELEMENTS--GENERAL INFORMATION
fixed length control field 250721s9999 xx 000 0 ara d
020 ## - INTERNATIONAL STANDARD BOOK NUMBER
International Standard Book Number 9628738046
082 14 - DEWEY DECIMAL CLASSIFICATION NUMBER
Classification number ط/612/فكر
245 10 - TITLE STATEMENT
Title فكر مع الإستاذ مفكر /
264 1# - PRODUCTION, PUBLICATION, DISTRIBUTION, MANUFACTURE, AND COPYRIGHT NOTICE
Place of production, publication, distribution, manufacture د.م :
Name of producer, publisher, distributor, manufacturer 123 publishing House،
300 ## - PHYSICAL DESCRIPTION
Extent 84ص
490 0# - SERIES STATEMENT
Series statement their future
650 17 - SUBJECT ADDED ENTRY--TOPICAL TERM
Topical term or geographic name as entry element جسم الانسان
650 17 - SUBJECT ADDED ENTRY--TOPICAL TERM
Topical term or geographic name as entry element الفسيولوجيا
650 17 - SUBJECT ADDED ENTRY--TOPICAL TERM
Topical term or geographic name as entry element ادب الاطفال
653 ## - INDEX TERM--UNCONTROLLED
Uncontrolled term ناشاون صغار(10-14)سنه
710 2# - ADDED ENTRY--CORPORATE NAME
Corporate name or jurisdiction name as entry element frogs for research and deveiopment
942 ## - ADDED ENTRY ELEMENTS (KOHA)
Source of classification or shelving scheme Dewey Decimal Classification
Koha item type Books
Holdings
حالة السحب حالة الفقدان مصدر التصنيف حالة التلف غير قابل للإعارة المكتبة الرئيسية المكتبة الحالية موقع الرف تاريخ التزويد الرقم المتسلسل Total Checkouts رقم الإستدعاء الباركود تاريخ آخر ظهور تاريخ الفاتورة نوع المادة (كوها)
    Dewey Decimal Classification     مكتبة أبو علندا العامة مكتبة أبو علندا العامة الأطفال 28/07/2025 1059356   ط/612/فكر 1059356 28/07/2025 28/07/2025 Books
    Dewey Decimal Classification     مكتبة أم قصير والمقابلين العامة مكتبة أم قصير والمقابلين العامة الأطفال 28/07/2025 1059355   ط/612/فكر 1059355 28/07/2025 28/07/2025 Books
    Dewey Decimal Classification     مكتبة الأميرة ايمان العامة مكتبة الأميرة ايمان العامة الأطفال 28/07/2025 1059347   ط/612/فكر 1059347 28/07/2025 28/07/2025 Books
    Dewey Decimal Classification     مكتبة الاميرة بديعة مكتبة الاميرة بديعة الأطفال 28/07/2025 1059350   ط/612/فكر 1059350 28/07/2025 28/07/2025 Books
    Dewey Decimal Classification     مكتبة الجويدة مكتبة الجويدة الأطفال 28/07/2025 1059351   ط/612/فكر 1059351 28/07/2025 28/07/2025 Books
    Dewey Decimal Classification     مكتبة الحسن العامة مكتبة الحسن العامة الأطفال 28/07/2025 1059352   ط/612/فكر 1059352 28/07/2025 28/07/2025 Books
    Dewey Decimal Classification     مكتبة الراية الهاشمية للأطفال مكتبة الراية الهاشمية للأطفال الأطفال 02/02/2015 1591417   ط/612/فكر PLD00315250 28/07/2025 02/02/2015 Books
    Dewey Decimal Classification     مكتبة حمزة العامة مكتبة حمزة العامة الأطفال 28/07/2025 1059353   ط/612/فكر 1059353 28/07/2025 28/07/2025 Books
    Dewey Decimal Classification     مكتبة صويلح العامة مكتبة صويلح العامة الأطفال 28/07/2025 1059348   ط/612/فكر 1059348 28/07/2025 28/07/2025 Books
Implemented & Customized by: BBB with SCIT (Smart Chains for Information Technology)

Powered by Koha